000 00613cam a2200205 a 4500
020 _a1841870641
040 _cCtY-EP
082 _a362 SAV 2003 A016 Or.
100 1 _aGosling, Louisa.
245 1 0 _aToolkits :
_ba practical guide to planning, monitoring, evaluation and impact assessment /
250 _a2nd ed.
260 _aLondon :
_bSave the Children,
_c2003.
300 _axi, 341 p. :
_bill. ;
_c24 cm.
490 1 _aDevelopment manual
650 0 _aChild welfare.
650 0 _aCommunity development.
700 1 _aEdwards, Mike.
710 2 _aSave the Children Fund (Great Britain)
942 _cEK
999 _c11611
_d11611